Organizing audiovisual and electronic resources for access: (Record no. 6694)
[ view plain ]
| 000 -LEADER | |
|---|---|
| fixed length control field | 00532nam a22001577a 4500 |
| 008 - FIXED-LENGTH DATA ELEMENTS--GENERAL INFORMATION | |
| fixed length control field | 230309b |||||||| |||| 00| 0 eng d |
| 040 ## - CATALOGING SOURCE | |
| Original cataloging agency | National Science Library |
| Transcribing agency | National Science Library |
| 080 ## - UNIVERSAL DECIMAL CLASSIFICATION NUMBER | |
| Universal Decimal Classification number | D 025.3:025.177:681.3 |
| Item number | P0 |
| 100 1# - MAIN ENTRY--PERSONAL NAME | |
| Personal name | Hsieh-Yee, Ingrid |
| 9 (RLIN) | 2340 |
| 245 ## - TITLE STATEMENT | |
| Title | Organizing audiovisual and electronic resources for access: |
| Remainder of title | A cataloging guide |
| 260 ## - PUBLICATION, DISTRIBUTION, ETC. | |
| Place of publication, distribution, etc. | Englewood: |
| Name of publisher, distributor, etc. | Libraries Unlimited, Inc., , |
| Date of publication, distribution, etc. | 2000 |
| 650 ## - SUBJECT ADDED ENTRY--TOPICAL TERM | |
| Topical term or geographic name entry element | Library cataloging |
| 653 ## - INDEX TERM--UNCONTROLLED | |
| Uncontrolled term | Education |
| 653 ## - INDEX TERM--UNCONTROLLED | |
| Uncontrolled term | Organization |
| 942 ## - ADDED ENTRY ELEMENTS (KOHA) | |
| Source of classification or shelving scheme | Universal Decimal Classification |
| Koha item type | Books |
| Withdrawn status | Lost status | Source of classification or shelving scheme | Damaged status | Not for loan | Home library | Current library | Shelving location | Date acquired | Total Checkouts | Full call number | Barcode | Date last seen | Price effective from | Koha item type |
|---|---|---|---|---|---|---|---|---|---|---|---|---|---|---|
| Universal Decimal Classification | National Science Library | National Science Library | GF/Rk-2/C-10/R-3 | 14/02/2001 | D 025.3:025.177:681.3 P0 | 179428 | 19/06/2024 | 09/03/2023 | Books |